Statistics for Biggest cities/towns in Ireland

Click here to take the quiz!

General Stats

  • This quiz has been taken 2,843 times
  • The average score is 10 of 20

Answer Stats

Population City/Town % Correct
1,045,769Dublin
100%
190,384Cork
97%
72,729Galway
86%
90,757Limerick
84%
49,213Waterford
74%
22,179Kilkenny
61%
18,163Wexford
54%
19,402Sligo
53%
35,085Dundalk
46%
35,090Drogheda
44%
22,744Tralee
42%
24,253Ennis
36%
31,901Bray
32%
17,586Letterkenny
32%
20,724Carlow
28%
20,044Naas
27%
24,851Navan
26%
18,416Mullingar
26%
33,998Swords
20%
18,520Newbridge
14%

Score Distribution

Percentile by Number Answered

Percent of People with Each Score

Your Score History

You have not taken this quiz